| 000 -LEADER |
| fixed length control field |
00660nam a2200193Ii 4500 |
| 020 ## - INTERNATIONAL STANDARD BOOK NUMBER |
| ISBN |
0132273144 |
| 040 ## - CATALOGING SOURCE |
| Transcribing agency |
SEM |
| 082 ## - DEWEY DECIMAL CLASSIFICATION NUMBER |
| Classification number |
330 PRE 1977 A077 Or. |
| 100 1# - MAIN ENTRY--AUTHOR NAME |
| Personal name |
Block, Michael K |
| 245 10 - TITLE STATEMENT |
| Title |
Student workbook [for] Economics : |
| Remainder of title |
an introduction to analysis and policy / |
| 250 ## - EDITION STATEMENT |
| Edition statement |
9th ed |
| 260 ## - PUBLICATION, DISTRIBUTION, ETC. (IMPRINT) |
| Place of publication |
Englewood Cliffs, N. J. : |
| Name of publisher |
Prentice-Hall, |
| Year of publication |
c1977 |
| 300 ## - PHYSICAL DESCRIPTION |
| Number of Pages |
ix, 406 p. ; |
| Dimensions |
24 cm |
| 500 ## - GENERAL NOTE |
| General note |
"... designed specifically to accompany G. L. Bach's introductory text, Economics : an introduction to analysis and policy, 9th ed. ..." |
| 650 #0 - SUBJECT ADDED ENTRY--TOPICAL TERM |
| Topical Term |
Economics |
| 700 10 - ADDED ENTRY--PERSONAL NAME |
| Personal name |
Bach, George Leland, |
| 700 10 - ADDED ENTRY--PERSONAL NAME |
| Personal name |
Demmert, Henry G., |
| 942 ## - ADDED ENTRY ELEMENTS (KOHA) |
| Koha item type |
សៀវភៅភាសាអង់គ្លេស |
| 952 ## - LOCATION AND ITEM INFORMATION (KOHA) |
| Withdrawn status [LOCAL, KOHA] |
0 |